00910nam a2200193 a 450000100100000000500170001000800410002702000180006804000250008608200150011110000420012624500850016826000740025330000210032795201190034895201190046795201130058699900170069900003228920200930063606.0110714s2012 dr 000 0 spa d a9789945006292 aDO-SdBNPbspacBNPHU axxxxbxxxx1 aOrtíz Pujols, Yeyscol Miguel95832410aDesde la claridad de los sentimientos oscuros /cYeyscol Miguel Ortíz Pujolsv. aSan José de Ocoa, República Dominicana :bAmigo del hogar,c2012. a235 p. ;c22 cm. 0010718DSaGRbGRcCTd2013-03-01iLF1l0oxxxx xxxxp32289-20r2020-06-25te. 3w2020-06-25yLFDSZNo se presta 0010718PDaPDbPDcCTd2011-07-14iLF1l0oxxxx xxxxp32289-10r2020-06-25te. 2w2020-06-25yLFPDZNo se presta 0010718PDaPDbPDcCTd2013-03-01iLF1l0oxxxx xxxxp32289-30r2020-06-25w2020-06-25yLFPDZNo se presta c31780d31780